Sports Quiz

Random Sports or Olympics Quiz
Score 0/8 Timer 01:00
0 Plays Today
Gymnast % Correct
Gabrielle Douglas
85%
Alexandra Raisman
85%
Jordyn Wieber
83.8%
Kyla Ross
82.5%
McKayla Maroney
78.8%
Anna Li
51.3%
Elizabeth Price
40%
Sarah Finnegan
36.3%
Remove Ads.
Support Sporcle.
Get the best of Sporcle when you Go Orange. This ad-free experience offers more features, more stats, and more fun while also helping to support Sporcle. Thank you for becoming a member.

You're not logged in!

Compare scores with friends on all Sporcle quizzes.
OR
Log In

Show Comments

Extras

Top Quizzes Today


Score Distribution

Your Account Isn't Verified!

In order to create a playlist on Sporcle, you need to verify the email address you used during registration. Go to your Sporcle Settings to finish the process.

Report this User

Report this user for behavior that violates our Community Guidelines.

Details: